Normal view
MARC view
- العساف، أحمد عارف، م. مشارك محمود الوادي
Entry Personal Name
001 - CONTROL NUMBER
- control field: 58041
003 - CONTROL NUMBER IDENTIFIER
- control field: JO-AjAnu
005 - DATE AND TIME OF LATEST TRANSACTION
- control field: 20230606083512.0
008 - FIXED-LENGTH DATA ELEMENTS
- fixed length control field: 230606|| aca||aabn | a|a d
040 ## - CATALOGING SOURCE
- Original cataloging agency: JO-AjAnu
- Transcribing agency: JO-AjAnu
100 ## - HEADING--PERSONAL NAME
- Personal name: العساف، أحمد عارف، م. مشارك محمود الوادي
670 ## - SOURCE DATA FOUND
- Source citation: Work cat.: (JO-AjAnu)29612: العساف، أحمد عارف، م. مشارك محمود الوادي , author, منهجية البحث في العلوم الإجتماعية والإدارية: (المفااهيم والادوات )